00447nam a2200145Ia 4500008004100000020001800041082001900059100002800078245007600106250001000182260002200192300001100214500004200225650003400267120622s9999 xx 000 0 und d a968-452-437-4 a462 C828e 1990 aCortés Avila, Gabriel aEtimologías latinas y griegas del castellano / Gabriel Cortés Avila a4a ed aMéxico : [s.n.] a316 p. aIncluye bibliografía y vocabularios a1. ESPAÑOL - ETIMOLOGIASÌ